A Mal'cev characterization of tolerance regularity

Elmentve itt :
Bibliográfiai részletek
Szerző: Chajda Ivan
Dokumentumtípus: Cikk
Megjelent: 1980
Sorozat:Acta scientiarum mathematicarum 42 No. 3-4
Kulcsszavak:Matematika
Online Access:http://acta.bibl.u-szeged.hu/14773
LEADER 00616nab a2200181 i 4500
001 acta14773
005 20210409114638.0
008 161015s1980 hu o 0|| eng d
022 |a 0001-6969 
040 |a SZTE Egyetemi Kiadványok Repozitórium  |b hun 
041 |a eng 
100 1 |a Chajda Ivan 
245 1 2 |a A Mal'cev characterization of tolerance regularity  |h [elektronikus dokumentum] /  |c  Chajda Ivan 
260 |c 1980 
300 |a 229-232 
490 0 |a Acta scientiarum mathematicarum  |v 42 No. 3-4 
695 |a Matematika 
856 4 0 |u http://acta.bibl.u-szeged.hu/14773/1/math_042_fasc_003_004_229-232.pdf  |z Dokumentum-elérés